LIBRARY & INFORMATION CENTRE, KCAET, TAVANUR

ONLINE PUBLIC ACCESS CATALOGUE (OPAC)

Essays letters and reviews / (Record no. 7586)

MARC details
000 -LEADER
fixed length control field 00391cam a2200157ua 4500
041 ## - LANGUAGE CODE
Language code of text/sound track or separate title eng
082 ## - DEWEY DECIMAL CLASSIFICATION NUMBER
Classification number 824
Item number ARN/ES
100 ## - MAIN ENTRY--AUTHOR NAME
Personal name Arnold, Matthew.
245 ## - TITLE STATEMENT
Title Essays letters and reviews /
250 ## - EDITION STATEMENT
Edition statement 1 /
260 ## - PUBLICATION, DISTRIBUTION, ETC. (IMPRINT)
Place of publication London :
Name of publisher Harward University Press ,
Year of publication 1960.
300 ## - PHYSICAL DESCRIPTION
Number of Pages 398 ; .
942 ## - ADDED ENTRY ELEMENTS (KOHA)
Koha item type Books
Holdings
Withdrawn status Lost status Damaged status Home library Current library Date acquired Full call number Accession Number Koha item type
Withdrawn     KAUAET Sanskrit University 07/04/2012 824 5314 Books
free website counter